| 000 | 00341nam a2200121Ia 4500 | ||
|---|---|---|---|
| 008 | 240731s9999 xx 000 0 und d | ||
| 022 | _a2377-9497 | ||
| 245 | 0 | _aGlobal Security: Health, Science and Policy : An Open Access Journal | |
| 260 | _bRoutledge | ||
| 856 | _uhttps://www.tandfonline.com/loi/rgsh20 | ||
| 942 | _2ddc | ||
| 942 | _cTFEJ | ||
| 999 |
_c76765 _d76765 |
||
| 945 |
_a1 _bMadushi Gamage _c1 _dMadushi Gamage |
||